| 000 | 00723nam a22002297a 4500 | ||
|---|---|---|---|
| 003 | UA-OsUOA | ||
| 001 | 34999 | ||
| 007 | ta | ||
| 008 | 20051103b un ||||| |||| 00| 0 ukr d | ||
| 090 |
_a94(477)(038) _bУ-45 |
||
| 942 | _cBK | ||
| 040 |
_aUA-OsUOA _bukr _cUA-OsUOA _dUA-OsUOA |
||
| 245 |
_aУкраїнське державотворення: невитребуваний потенціал _bсловник-довідник _cза ред. О. М. Мироненка |
||
| 300 | _a560 с. | ||
| 955 | _a2 | ||
| 041 | _aukr | ||
| 080 | _a94(477)(038) | ||
| 020 | _a5-325-00767-Х | ||
| 260 |
_aК. _bЛибідь _c1997 |
||
| 650 | 7 |
_a9 Географія. Біографії. Історія _2UDC |
|
| 999 |
_c321405 _d321405 |
||